[Event "Vlissingen HZ op 23rd"]
[Site "Vlissingen"]
[Date "2019.08.05"]
[Round "4"]
[White "Haak, Eelco"]
[Black "Sethi, Viir"]
[Result "1/2-1/2"]
[WhiteElo "2003"]
[BlackElo "1575"]
[PlyCount "39"]
[EventDate "2019.08.03"]
[EventType "swiss"]
[EventRounds "9"]
[EventCountry "NED"]
[SourceTitle "CBM 191 Extra"]
[Source "ChessBase"]
[SourceDate "2019.09.30"]
[SourceVersion "1"]
[SourceVersionDate "2019.09.30"]
[SourceQuality "1"]

1. d4 Nf6 2. c4 e6 3. Nf3 c5 4. d5 exd5 5. cxd5 d6 6. Nc3 g6 7. g3 Bg7 8. Bg2 0-0 9. 0-0 Re8 10. Nd2 Nbd7 11. a4 b6 12. Nc4 Ne5 13. Nxe5 Rxe5 14. Re1 a6 15. e4 Re8 16. h3 Nd7 17. f4 Rb8 18. Qd3 Qc7 19. Bf1 Bb7 20. Bd2 1/2-1/2